Statistics for 2016 NBA Playoffs

Click here to take the quiz!

General Stats

  • This quiz has been taken 7,560 times
  • The average score is 21 of 40

Answer Stats

HintAnswer% Correct
First RoundCleveland Cavaliers
98%
First RoundDetroit Pistons
70%
First RoundGolden State Warriors
70%
Conference SemifinalsCleveland Cavaliers
68%
First RoundToronto Raptors
66%
First RoundOklahoma City Thunder
64%
Conference SemifinalsGolden State Warriors
64%
First RoundAtlanta Hawks
64%
Conference SemifinalsOklahoma City Thunder
62%
First RoundSan Antonio Spurs
62%
Conference FinalsCleveland Cavaliers
62%
NBA FinalsGolden State Warriors
61%
NBA FinalsCleveland Cavaliers
61%
First RoundBoston Celtics
61%
Conference SemifinalsToronto Raptors
61%
Conference FinalsGolden State Warriors
60%
Conference SemifinalsSan Antonio Spurs
59%
First RoundHouston Rockets
59%
First RoundMiami Heat
59%
Conference FinalsOklahoma City Thunder
58%
First RoundLos Angeles Clippers
56%
Conference FinalsToronto Raptors
56%
First RoundIndiana Pacers
55%
First RoundPortland Trail Blazers
55%
Conference SemifinalsAtlanta Hawks
55%
First RoundCharlotte Hornets
53%
Conference SemifinalsMiami Heat
53%
Conference SemifinalsPortland Trail Blazers
52%
First RoundMemphis Grizzlies
49%
First RoundDallas Mavericks
47%
Points NBA FinalsLeBron James
46%
Steals NBA FinalsLeBron James
41%
Assists NBA FinalsLeBron James
41%
Rebounds NBA FinalsLeBron James
41%
Blocks NBA FinalsLeBron James
41%
Points PlayoffsKevin Durant
38%
Assists PlayoffsRussell Westbrook
23%
Rebounds PlayoffsDeAndre Jordan
19%
Steals PlayoffsK. Leonard / T. Ariza
13%
Blocks PlayoffsMyles Turner
5%

Score Distribution

Percentile by Number Answered

Percent of People with Each Score

Your Score History

You have not taken this quiz